The design of approximation algorithms / (رقم التسجيلة. 32226)

تفاصيل مارك
000 -الفاتح
حقل البيانات ثابتة الطول 02494cam a22003494a 4500
001 - رقم الضبط
رقم الضبط 16611561
003 - محدد رقم الضبط
رقم الضبط OSt
005 - وقت وتاريخ اخر تعامل مع التسجيلة
رقم الضبط 20150408114153.0
008 - عناصر البيانات ثابتة الطول - معلومات عامة
حقل البيانات ثابتة الطول 110114s2011 nyua b 001 0 eng
010 ## - رقم ضبط مكتبة الكونجرس
رقم ضبط مكتبة الكونجرس 2011001945
020 ## - الرقم الدولى المعيارى للكتب
الرقم الدولى المعيارى للكتاب 9780521195270 (hardback)
020 ## - الرقم الدولى المعيارى للكتب
الرقم الدولى المعيارى للكتاب 0521195276 (hardback)
035 ## - رقم ضبط النظام
رقم ضبط النظام (OCoLC)ocn671709856
040 ## - مصدر الفهرسة
وكالة الفهرسة الأصلية DLC
وكالة النسخ DLC
وكالة التعديل YDX
-- BTCTA
-- YDXCP
-- CDX
-- GIKBM
-- DLC
042 ## - رمز التحقق
رمز التحقق pcc
050 00 - رقم طلب مكتبة الكونجرس
رقم التصنيف QA221
رقم المادة .W55 2011
082 00 - رقم تصنيف ديوى العشرى
رقم التصنيف 518.5
رقم الطبعة 22
رقم المادة WDD
084 ## - رقم تصنيف آخر
رقم التصنيف COM051300
مصدر الرقم bisacsh
100 1# - المدخل الرئيسى - إسم شخصى
الإسم الشخصى Williamson, David P.
9 (RLIN) 19125
245 14 - بيان العنوان
العنوان The design of approximation algorithms /
بيان المسئوليه,etc David P. Williamson, David B. Shmoys.
260 ## - PUBLICATION, DISTRIBUTION, ETC. (IMPRINT)
مكان الناشر او الموزع New York :
اسم الناشر او الموزع Cambridge University Press,
تاريخ النشر أو التوزيع 2011.
300 ## - الوصف المادى
التعداد xi, 504 p. :
تفاصيل ماديه اخرى للوعاء ill. ;
أبعاد الوعاء 26 cm.
504 ## - تبصرة ببليوجرافية
تبصرة ببليوجرافية,الخ Includes bibliographical references and indexes.
520 ## - التبصرة الخاصة بالتعليق أو التلخيص
ملخص,الخ "Discrete optimization problems are everywhere, from traditional operations research planning problems, such as scheduling, facility location, and network design; to computer science problems in databases; to advertising issues in viral marketing. Yet most such problems are NP-hard. Thus unless P = NP, there are no efficient algorithms to find optimal solutions to such problems. This book shows how to design approximation algorithms: efficient algorithms that find provably near-optimal solutions. The book is organized around central algorithmic techniques for designing approximation algorithms, including greedy and local search algorithms, dynamic programming, linear and semidefinite programming, and randomization. Each chapter in the first part of the book is devoted to a single algorithmic technique, which is then applied to several different problems. The second part revisits the techniques but offers more sophisticated treatments of them. The book also covers methods for proving that optimization problems are hard to approximate. Designed as a textbook for graduate-level algorithms courses, the book will also serve as a reference for researchers interested in the heuristic solution of discrete optimization problems"--
650 #0 - المدخل الاضافى بالموضوع-مصطلح موضوعى
مصطلح موضوعي أو اسم جغرافي كعنصر مدخل Approximation theory.
9 (RLIN) 19126
650 #0 - المدخل الاضافى بالموضوع-مصطلح موضوعى
مصطلح موضوعي أو اسم جغرافي كعنصر مدخل Mathematical optimization.
9 (RLIN) 12151
700 1# - المدخل الاضافى - اسم شخصى
الإسم الشخصى Shmoys, David Bernard.
9 (RLIN) 19127
856 42 - الوصول و الموقع الالكترونى
مواد محددة Cover image
معرف المصدر الموحد <a href="http://assets.cambridge.org/97805211/95270/cover/9780521195270.jpg">http://assets.cambridge.org/97805211/95270/cover/9780521195270.jpg</a>
906 ## - عنصر بيانات محلى F, LDF (RLIN)
a 7
b cbc
c orignew
d 1
e ecip
f 20
g y-gencatlg
942 ## - عناصر المدخل الإضافي( كوها)
مصدر التصنيف او مخطط الترفيف Dewey Decimal Classification
Koha [default] item type DVD
المقتنيات
حالة الفقد نموذج السعر الفعال حالة تلف ليس للاعارة رقم الطلب تاريخ الاكتساب الموقع الحالي الفرع الرئيسي Date last seen نوع المادة فى نظام كوها مصدر التصنيف او خطة الترفيف Total Checkouts
  2013-11-17     518.5 WDD 2013-11-17 المكتبة المركزية بالمجمعة (CL) المكتبة المركزية بالمجمعة (CL) 2013-11-17 كتاب Dewey Decimal Classification